| 000 | 00809cam a2200253 a 4500 | ||
|---|---|---|---|
| 001 | 000006032 | ||
| 005 | 20200929151908.0 | ||
| 008 | 750331s1973 sp 000 0 spa d | ||
| 020 | _z84325004742 | ||
| 040 |
_aDO-SdBNP _cNBuU _dOCoLC _dTxU _dDLC |
||
| 082 |
_a860.9 _bA729q |
||
| 100 | 1 |
_aArmiño, Mauro, _913314 |
|
| 245 | 1 | 0 |
_aQué es verdaderamente el Siglo de Oro / _cMauro Armiño. |
| 260 |
_aMadrid : _bDoncel, _c1973. |
||
| 300 |
_a317 p. ; _c18 cm. |
||
| 490 | 1 |
_aQué es verdaderamente _v22 |
|
| 504 | _aBibliografía: p. [310]-317. | ||
| 650 | 4 |
_aLiteratura española _yHISTORIA Y CRÍTICA _917010 |
|
| 650 | 4 |
_aLiteratura hispanoamericana _yHISTORIA Y CRÍTICA _917011 |
|
| 830 | 0 |
_aQué es verdaderamente ; _v22 _917012 |
|
| 910 | _aCatalogación derivada / LC | ||
| 910 | _aWM | ||
| 049 | _aBNGR | ||
| 999 |
_c5828 _d5828 |
||